• 首页
  • 本馆介绍
  • 公告通知
  • 最新文献
  • 馆藏检索
  • 电子资源
  • 读者导购
  • 参考咨询
  • 我的图书馆
  • 登录
  • 详细信息显示
  • 放入我的书架
  • 预约/预借图书
  • 作者相关作品
  • 分类相关作品
  • 丛书相关作品
  • 出版社相关作品

书目信息

  • 表格格式
  • 工作单格式
  • 卡片格式
题名:
摄影测量学
    
 
作者: 崔柄光 编著
分册:  
出版信息: 北京   测绘出版社  1984
页数:
开本:
丛书名:
单 册:
中图分类: P23
科图分类:
主题词: 摄影测量法
电子资源:
ISBN:
000 00473nam0 2200169 450
001 0736196517
005 20070924100316.51
010    @d¥3.20
100    @a20070924d km y0chiy0120 ea
101 0  @achi
200 1  @a摄影测量学@Ashe ying ce liang xue@f崔柄光等编著@Fcui bing guang deng bian zhu
210    @a北京@c测绘出版社@d1984
606 0  @a摄影测量法
690    @aP23@v3
701  0 @a崔柄光@Acui bing guang@4编著
801  0 @aCN@bPFT@c20070924
905    @a213230@dP23@eZY3@f1
    
    摄影测量学/崔柄光等编著.-北京:测绘出版社,1984
    
    
    
    ISBN :¥3.20
    
●
相关链接 在E读中查询图书 在五车中查询图书 在当当中查询图书 在豆瓣中查询图书


正题名:摄影测量学     索取号:P23/ZY3         预约/预借

序号 登录号 条形码 馆藏地/架位号 状态 备注
1 7900933   279009332   密集书库-资源管理系/ [索取号:P23/ZY3] 在馆    
唐山师范学院图书馆 欢迎您!
大连网信软件有限公司© 版权所有